书目信息 |
| 题名: |
文艺鉴赏概论
|
|
| 作者: | 魏饴 , 刘海涛 主编 | |
| 分册: | ||
| 出版信息: | 北京 高等教育出版社 2001.7 |
|
| 页数: | 479页 | |
| 开本: | 20cm | |
| 丛书名: | ||
| 单 册: | ||
| 中图分类: | J05 | |
| 科图分类: | ||
| 主题词: | 艺术评论 , 艺术--鉴赏 | |
| 电子资源: | ||
| ISBN: | 7-04-010061-4 | |
| 000 | 00613nam0 2200217 45 | |
| 001 | 0235854506 | |
| 005 | 2002061009573450 | |
| 010 | @a7-04-010061-4@dRMB 24.00 | |
| 100 | @a20020610d2001 km y0chiy0120 ea | |
| 101 | 0 | @achi |
| 102 | @aCN@b110000 | |
| 200 | 1 | @a文艺鉴赏概论@Awen yi jian shang gai lun@f魏饴,刘海涛主编@Fwei yi,liu hai tao zhu bian |
| 210 | @a北京@c高等教育出版社@d2001.7 | |
| 215 | @a479页@d20cm | |
| 606 | 0 | @a艺术评论 |
| 606 | 0 | @a艺术@x鉴赏 |
| 690 | @aJ05@v3 | |
| 701 | 0 | @a魏饴@Awei yi@4主编 |
| 701 | 0 | @a刘海涛@Aliu hai tao@4主编 |
| 801 | 0 | @aCN@bPFT@c20020610 |
| 905 | @a10447@dJ05@eW607 | |
| 文艺鉴赏概论/魏饴,刘海涛主编.-北京:高等教育出版社,2001.7 |
| 479页;20cm |
| ISBN 7-04-010061-4:RMB 24.00 |
| ● |
| 相关链接 |
|
|
|
正题名:文艺鉴赏概论
索取号:J05/W607
 
预约/预借
| 序号 | 登录号 | 条形码 | 馆藏地/架位号 | 状态 | 备注 |
| 1 | 362849 | 203628495 | 社科库309/309社科库 61排4列3层/ [索取号:J05/W607] | 在馆 | |
| 2 | 362850 | 203628501 | 社科库309/ [索取号:J05/W607] | 在馆 | |
| 3 | 362851 | 203628510 | 社科库309/309社科库 61排4列3层/ [索取号:J05/W607] | 在馆 |